Hieroglyphica
Enregistré dans:
| Auteur principal: | |
|---|---|
| Format: | Livre |
| Langue: | espagnol |
| Publié: |
Madrid
Akal
1991
|
| Collection: | Arte y Estética, 25
|
| Sujets: | |
| Tags: |
Ajouter un tag
Pas de tags, Soyez le premier à ajouter un tag!
|
MARC
| LEADER | 00000cam a2200000 a 4500 | ||
|---|---|---|---|
| 001 | UCG8353 | ||
| 003 | CL-VaPUC | ||
| 008 | 111202e19910000SP |||||||||||||||||spa|d | ||
| 020 | |a 9788476006689 | ||
| 082 | 0 | 4 | |a 291.37 |b HOR |2 21 |
| 100 | 0 | |a Horapolo |e author |9 559358 | |
| 245 | 1 | 0 | |a Hieroglyphica |
| 300 | |a 607 p | ||
| 942 | |c BK | ||
| 945 | |d 20111202 00:00:00 |a dcastane | ||
| 260 | |a Madrid |b Akal |c 1991 | ||
| 500 | |a La edición corresponde a Jesús María González de Zárate y la traducción del texto griego a María José García Soler | ||
| 600 | 0 | 7 | |a HORAPOLO DEL NILO |2 CL-VaPUC |9 559359 |
| 650 | 7 | |a EMBLEMAS |2 CL-VaPUC |9 375485 | |
| 650 | 0 | |a Simbolismo |9 267046 | |
| 650 | 7 | |a JEROGLIFICOS |2 CL-VaPUC |9 265779 | |
| 583 | |a last modification |c 20111202 14:14:00 |k Rodrigo Vera | ||
| 490 | 0 | |a Arte y Estética, 25 | |
| 999 | |c 345969 |d 345967 | ||
| 952 | |0 0 |1 0 |4 0 |6 291_370000000000000_HOR_1991 |7 0 |8 A |9 446375 |a BIBART |b BIBART |d 2019-11-22 |i 4810066 |o 291.37 HOR 1991 |p 4810066 |r 2025-03-13 |w 2019-11-22 |y BK |k ART | ||